000 00305nam a2200121Ia 4500
008 240624s9999 xx 000 0 und d
041 _aeng
082 _a658.8342 SCH
100 _aSCHIFFMAN LEON G
245 _aCONSUMER BEHAVIOR
250 _a(9th ed.)
260 _c2008
_aNew Delhi
_bPearson Prentice Hall
999 _c13185
_d13185